| 000 | 00694nam a2200229 a 4500 | ||
|---|---|---|---|
| 001 | BRL_1590 | ||
| 005 | 20190320211257.0 | ||
| 008 | 190314s1978----mx-abo####---#000-0#spa-# | ||
| 041 | _aspa | ||
| 044 | _amx | ||
| 050 | 4 |
_aF1221.K5 _b.O33 1978 |
|
| 100 | 1 |
_aOchoa Zazuela, Jesús Ángel _927378 |
|
| 245 | 1 | 0 |
_aLos Kiliwa _by el mundo se hizo así _cJesús Ángel Ochoa Zazueta. |
| 260 |
_aMéxico _bInstituto Nacional Indigenista _c1978 |
||
| 300 |
_a394 p. _bil., mapas, planos _c22 cm. |
||
| 440 | 0 |
_aColección INI _nSerie de Antropología Social _v57 _927379 |
|
| 500 | _aAu2076 | ||
| 504 | _aBibliografía: p. 387-394. | ||
| 650 | 1 | 4 |
_aKiliwas _927380 |
| 902 | _aGRL | ||
| 942 |
_2lcc _cB |
||
| 999 |
_c10399 _d10399 |
||